| 000 | 01290nam a2200361Ia 4500 | ||
|---|---|---|---|
| 001 | ebr10510441 | ||
| 003 | CaPaEBR | ||
| 006 | m u | ||
| 007 | cr cn||||||||| | ||
| 008 | 101207s2011 enka sb 001 0 eng d | ||
| 010 | _z 2010046394 | ||
| 020 | _z9780470682548 | ||
| 020 | _z9781119991168 | ||
| 020 | _z047068254X | ||
| 040 |
_aCaPaEBR _cCaPaEBR |
||
| 035 | _a(OCoLC)714797082 | ||
| 050 | 1 | 4 |
_aTK7872.P54 _bE78 2011eb |
| 082 | 0 | 4 |
_a621.31/3 _222 |
| 100 | 1 | _aErturk, Alper. | |
| 245 | 1 | 0 |
_aPiezoelectric energy harvesting _h[electronic resource] / _cAlper Erturk, Daniel J. Inman. |
| 260 |
_aChichester : _bWiley, _c2011. |
||
| 300 |
_axx, 392 p. : _bill. |
||
| 504 | _aIncludes bibliographical references and index. | ||
| 533 |
_aElectronic reproduction. _bPalo Alto, Calif. : _cebrary, _d2011. _nAvailable via World Wide Web. _nAccess may be limited to ebrary affiliated libraries. |
||
| 650 | 0 | _aPiezoelectric transducers. | |
| 650 | 0 | _aElectric generators. | |
| 650 | 0 | _aPiezoelectricity. | |
| 650 | 0 | _aEnergy harvesting. | |
| 655 | 7 |
_aElectronic books. _2local |
|
| 700 | 1 | _aInman, D. J. | |
| 710 | 2 | _aebrary, Inc. | |
| 856 | 4 | 0 |
_uhttp://site.ebrary.com/lib/rucke/Doc?id=10510441 _zAn electronic book accessible through the World Wide Web; click to view |
| 999 |
_c119757 _d119757 |
||